000 00307nam a2200133Ia 4500
008 220204s9999 xx 000 0 und d
082 _a33(540)
_bAGR
100 _aAGRAWAL, A N
245 0 _aIndian economy
250 _aEd.4
260 _aNew Delhi
_bVikas
_c1978
650 _aIndian economy
942 _cBK
999 _c29995
_d29995